000 00245nam a22001217a 4500
003 SGT
082 _a823.92
_bGRE
100 _aGREEN JOHN
245 _aLET IT SNOW
260 _aLONDON
_bPENGUIN PUB
_c2013
300 _a354
942 _2ddc
_cBK
999 _c33981
_d33981